Návrh komplexného informačného systému pre riadenie systému manažérstva kvality v podniku

Na minha lista:
Detalhes bibliográficos
Autor principal: Bieliková, Gabriela (Author)
Outros Autores: Mĺkva, Miroslava (Thesis advisor)
Formato: Manuscrito Livro
Idioma:eslovaco
Publicado em: 2022
Assuntos:
Acesso em linha:http://is.stuba.sk/zp/portal_zp.pl?podrobnosti=164374
Tags: Adicionar Tag
Sem tags, seja o primeiro a adicionar uma tag!

MARC

LEADER 00000ntm a22000003a 4500
001 stuzp88419
003 SK-STU
005 20220611211254.4
007 ta
008 150427s2015----xo-----f-mn---000-0-slo-d
040 |a STU  |b slo 
041 0 |a slo 
100 1 |a Bieliková, Gabriela  |u 064000  |k Z4  |4 aut  |U MTF Materiálovotechnologická fakulta  |T MTF Ústav priemyselného inžinierstva a manažmentu  |X 91646  |U M4000  |Y 84  |7 91646 
242 0 1 |a Design of a comprehensive information system for a quality management system in the company  |y eng 
245 1 0 |a Návrh komplexného informačného systému pre riadenie systému manažérstva kvality v podniku 
260 |c 2022 
650 4 |a podnikový informačný systém  |2 slo 
650 4 |a ERP systém  |2 slo 
650 4 |a CAQ systém  |2 slo 
650 4 |a analýza HOS 8  |2 slo 
650 4 |a company information system  |2 eng 
650 4 |a ERP system  |2 eng 
650 4 |a CAQ system  |2 eng 
650 4 |a HOS 8 analysis  |2 eng 
700 1 |a Mĺkva, Miroslava  |u 064000  |k Z1  |4 ths  |U MTF Materiálovotechnologická fakulta  |T MTF Ústav priemyselného inžinierstva a manažmentu  |X 4176  |U M4000  |Y 84  |7 A000004176 
856 4 |u http://is.stuba.sk/zp/portal_zp.pl?podrobnosti=164374 
996 |c M* DP-14835  |l MMSKP  |s P  |a 0  |w stuzp88419_0001